| 000 | 00986aam a2200337 4500 | ||
|---|---|---|---|
| 005 | 20160822144603.0 | ||
| 008 | 150721b xxu||||| |||| 00| 0 spa d | ||
| 041 | _aEspañol | ||
| 082 | _a005.262 L961m | ||
| 100 |
_aLuna Lozano, Rafael Jesús _914960 |
||
| 245 | _aManual imprescindible de Visual Basic 2010 | ||
| 260 | _aEspaña | ||
| 260 | _bANAYA | ||
| 260 | _c2011 | ||
| 300 | _a393 páginas | ||
| 650 |
_aLENGUAJE DE PROGRAMACIÓN _910723 |
||
| 650 |
_aVISUAL BASIC 2010 _914961 |
||
| 650 |
_aBARRA DE HERRAMIENTAS _914962 |
||
| 650 |
_aTIPOS DE DATOS _914963 |
||
| 650 |
_aOPERADORES _9376 |
||
| 650 |
_aCONTROL DE FLUJO _912235 |
||
| 650 |
_aPROGRAMACIÓN ORIENTADA A OBJETOS _9377 |
||
| 650 |
_a USO DE CONTROLES _914964 |
||
| 650 |
_aFORMULARIOS _9910 |
||
| 650 |
_aCONTROL DE ERRORES _914965 |
||
| 650 |
_aTRABAJO CON FLUJO DE DATOS _914966 |
||
| 650 |
_aXML _96653 |
||
| 650 |
_aLINQ _914967 |
||
| 650 |
_aDISTRIBUCIÓN DE APLICACIONES _914968 |
||
| 942 | _cBK | ||
| 999 |
_c143 _d143 |
||